| 000 | 00714nam a2200241 i 4500 | ||
|---|---|---|---|
| 001 | 105013 | ||
| 003 | ES-MaACL | ||
| 005 | 20230906183744.0 | ||
| 007 | t| | ||
| 008 | 060605s1995 sp |||| | spa d | ||
| 020 | _a84-7477-521-3 | ||
| 080 | _a321.01 | ||
| 100 | 1 |
_aBayón Cerdán, Julio. _926712 |
|
| 245 | 1 | 0 |
_aConocimiento y poder / _cJulio Bayón Cerdán. |
| 250 | _a1ª ed. | ||
| 260 |
_aMadrid : _bUniversidad Autónoma de Madrid, _c1995. |
||
| 300 |
_a69 p. ; _c22 cm. |
||
| 490 | 1 |
_aColección de bolsillo ; _v23 |
|
| 650 | 1 | 4 |
_aPoder. _916144 |
| 830 | 0 |
_aColección de bolsillo ; _v23 _9177598 |
|
| 852 |
_aES-MaACL _jE-11249 _z. - Biblioteca Jacinto Martínez Lacalle |
||
| 999 |
_c105013 _d105013 |
||